00642nam a2200193Ia 4500008004100000082001600041100002000057245002600077250000800103260002900111300001200140500002400152650001500176700002100191942000700212952010600219952010600325999001700431230524s9999 xx 000 0 und d a658.45bKRA aLee J.Krajewski 0aOperations Management a1ST aNEW DELHIbPearsonc2005 aXIV;711 aQuantity Number: 2 aManagement a Larry P.Ritzman cBK 00104070aTATCLbTATCLcGENd2023-05-24l0o658.45 KRAp14729r2023-05-24w2023-05-24yBKzBSCP2201 00104070aTATCLbTATCLcGENd2023-05-24l0o658.45 KRAp14730r2023-05-24w2023-05-24yBKzBSCP2201 c35957d35957